000 00401nam a22001457a 4500
020 _a978-1-292-16559-2
082 _a330
100 _aO`Sullivan, Arthur
245 _aEconomics:
_bprinciples, application and tools
250 _a9th
260 _aEdinburgh Gate:
_bPearson Education Limited,
_c2018
300 _a765p.: ill.; 28cm
700 _aSheffrin, Steven M. & Perez, Stephen J.
942 _cBK
999 _c22123
_d22123